00545pab a2200157 454500008004000000100002200040245008600062260000900148300001200157362001200169650004000181773003400221909001000255999001700265952010500282180718b1985 xxu||||| |||| 00| 0 eng d aPanda, Hrushikesh aImpact of irrigation on farmers acreage response to pricebCase of Andhra Pradesh c1985 aA-11-16 a30 Mar. aIrrigation - India - Andhra Pradesh aEconomic and Political Weekly a11418 c11418d11418 00104070aIIPAbIIPAd2018-07-19hVolume no: 20, Issue no: 13pAR11459r2018-07-19w2018-07-19yAR